[Event "FRA-ch U14 Girls"]
[Site "Agen"]
[Date "2024.04.15"]
[Round "3"]
[White "Pereira Garza, Cecilia"]
[Black "Kirschner, Sarah"]
[Result "1/2-1/2"]
[WhiteElo "1725"]
[BlackElo "1612"]
[PlyCount "67"]
[EventDate "2024.04.14"]
[EventType "swiss"]
[EventRounds "9"]
[EventCountry "FRA"]
[SourceTitle "EXT 2025"]
[Source "ChessBase"]
[SourceDate "2024.10.14"]
[SourceVersion "1"]
[SourceVersionDate "2024.10.14"]
[SourceQuality "1"]

1. d4 d5 2. c4 dxc4 3. Nf3 Nf6 4. e3 e6 5. Bxc4 c5 6. 0-0 a6 7. a4 Nbd7 8. Nc3 Be7 9. d5 Nb6 10. Ba2 Nbxd5 11. Nxd5 exd5 12. Ne5 0-0 13. f4 Bd6 14. Bxd5 Bxe5 15. Bxf7+ Kxf7 16. Qxd8 Rxd8 17. fxe5 Be6 18. exf6 gxf6 19. h3 Rg8 20. Kh2 Bd5 21. Rf2 b5 22. Bd2 Ke6 23. Rc1 c4 24. a5 Rad8 25. Bc3 f5 26. g3 Rg6 27. Rd1 Rdg8 28. Rfd2 Bc6 29. Rd6+ Kf7 30. Rxg6 Rxg6 31. Rd8 Re6 32. Bd4 Re8 33. Rd6 Re6 34. Rxe6 1/2-1/2